| 000 | 00550nam a2200217 a 4500 | ||
|---|---|---|---|
| 999 |
_c4359 _d4359 |
||
| 001 | 4359 | ||
| 003 | BD-JhCC | ||
| 005 | 20171126182105.0 | ||
| 008 | 171126s1962 e p|||| || | 000 0 eng d | ||
| 035 | _a(BD-JhCC)4359 | ||
| 040 |
_aBD-JhCC _dBD-JhCC |
||
| 041 | _aeng | ||
| 082 |
_a621.32 _bJUP 1962 |
||
| 100 | _aJupo, Frunk | ||
| 245 |
_aThe Adventure of Light / _cFrunk Jupo |
||
| 260 |
_aGreat Britain : _bThe World's Work (1913) LTD, _c1962. |
||
| 300 |
_a63 p. : _bill. ; _c21 cm. |
||
| 650 | _aLighting | ||
| 942 |
_2ddc _cBK |
||